| 000 -CABECERA |
| Campo de control de longitud fija |
00690nam a22001817a 4500 |
| 008 - CAMPO FIJO DE DESCRIPCIÓN FIJA--INFORMACIÓN GENERAL |
| Campo de control de longitud fija |
211220b ||||| |||| 00| 0 eng d |
| 040 ## - FUENTE DE CATALOGACIÓN |
| Agencia de catalogación original |
CDMR |
| 245 ## - MENCIÓN DE TÍTULO |
| Título |
Reporters et médias en ex-Yougoslavie |
| Parte restante del título |
/ [Ce rapport a été rédigé par Jean-Philippe Delalandre et Adam Novak] |
| 260 ## - PUBLICACIÓN, DISTRIBUCIÓN, ETC (PIE DE IMPRENTA) |
| Lugar de publicación, distribución, etc. |
[Paris: |
| Nombre del editor, distribuidor, etc. |
Organisation Internationale des Journalistes, |
| Fecha de publicación, distribución, etc. |
1993] |
| 300 ## - DESCRIPCIÓN FÍSICA |
| Extensión |
128 pàgines; |
| Otros detalles físicos |
25 cm |
| 490 ## - MENCIÓN DE SERIE |
| Mención de serie |
Les cahiers de l'OIJ; |
| Número de volumen/designación secuencial |
2 |
| 500 ## - NOTA GENERAL |
| Nota general |
Textos en francès i en anglès |
| 650 #0 - ASIENTO SECUNDARIO DE MATERIA--TÉRMINO DE MATERIA |
| 9 (RLIN) |
3584 |
| Nombre de materia o nombre geográfico como elemento de entrada |
Guerra Iugoslava, 1991-1995 |
| 700 ## - ENCABEZAMIENTO SECUNDARIO--NOMBRE PERSONAL |
| 9 (RLIN) |
4788 |
| Nombre de persona |
Delalandre, Jean-Philippe |
| 700 ## - ENCABEZAMIENTO SECUNDARIO--NOMBRE PERSONAL |
| 9 (RLIN) |
4789 |
| Nombre de persona |
Novak, Adam |
| 710 ## - ENCABEZAMIENTO SECUNDARIO--NOMBRE CORPORATIVO |
| 9 (RLIN) |
4790 |
| Nombre corporativo o de jurisdicción como elemento de entrada |
Organisation Internationale des Journalistes |
| 942 ## - ELEMENTOS KOHA |
| Fuente de clasificación o esquema de ordenación en estanterías |
|
| Koha tipo de item |
Monografies |